College Football Conference Championship Games 2023 - Statistics

General Stats
  • This quiz has been taken 148 times
  • The average score is 14 of 20
Answer Stats
Answer % Correct
Alabama
100%
Georgia
99%
Michigan
97%
Oregon
95%
Washington
95%
Florida St.
92%
Texas
92%
Iowa
83%
Oklahoma St.
80%
Louisville
76%
Boise St.
67%
Miami (OH)
67%
Tulane
61%
Toledo
58%
Liberty
54%
UNLV
54%
SMU
43%
Appalachian St.
42%
Troy
40%
New Mexico St.
38%
No matching quizzes found
Score Distribution
Percent of People with Each Score
Percentile by Number Answered
Your Score History
You have not taken this quiz